Comparando movimientos indígenas: Bolivia y Ecuador (1990-2008) /
Este artículo se propone explicar las diferencias en cuanto a ritmo, intensidad, constancia e impacto de la acción de los movimientos indígenas en Bolivia y Ecuador, entre 1990 y 2008. Se concluye que la mayor intensidad y constancia en la acción colectiva del movimiento ecuatoriano, en contraste co...
Uloženo v:
| Hlavní autor: | |
|---|---|
| Médium: | Text |
| Témata: | |
| Tagy: |
Přidat tag
Žádné tagy, Buďte první, kdo vytvoří štítek k tomuto záznamu!
|
MARC
| LEADER | 00000 a a2200000 04500 | ||
|---|---|---|---|
| 001 | 46501 | ||
| 003 | |||
| 040 | |||
| 100 | |a Cruz Rodríguez, Edwin | ||
| 245 | |a Comparando movimientos indígenas: |b Bolivia y Ecuador (1990-2008) / |c Edwin Cruz Rodríguez | ||
| 520 | |a Este artículo se propone explicar las diferencias en cuanto a ritmo, intensidad, constancia e impacto de la acción de los movimientos indígenas en Bolivia y Ecuador, entre 1990 y 2008. Se concluye que la mayor intensidad y constancia en la acción colectiva del movimiento ecuatoriano, en contraste con los movimientos bolivianos, se debió a que la Confederación de Comunidades Indígenas del Ecuador (CONAIE) logró una articulación organizativa de distintos sectores en un marco común: el Estado de Plurinacional. | ||
| 590 | |a AMB/OCTUBRE2014 | ||
| 650 | |a A)ESTADO | ||
| 650 | |a B)DEMOCRACIA | ||
| 650 | |a C)POLITICA | ||
| 650 | |a D)POBLACION INDIGENA | ||
| 650 | |a E)PARTICIPACION SOCIAL | ||
| 650 | |a F)MOVIMIENTOS SOCIALES | ||
| 650 | |a G)BOLIVIA | ||
| 650 | |a H)ECUADOR | ||
| 773 | |g volumen16, número44 ( , 2012), páginas 35-48 | ||
| 999 | |c 37881 |d 37881 | ||
